000 00331nam a22001337a 4500
008 170615b xxu||||| |||| 00| 0 eng d
020 _a9789280811049
041 _aeng
080 _a321
100 _a19
101 _aSHP
245 _aTHE UN ROLE IN PROMOTING DEMOCRACY : BETWEEN IDEALS AND REALITY
_cNEWMAN,E
942 _2udc
_cBK
999 _c17501
_d17501